000 00627nam a2200241Ia 4500
003 OSt
005 20221007064843.0
006 a|||||r|||| 00| 0
007 ta
008 221006b |||||||| |||| 00| 0 eng d
020 _a195613503
024 _a16,566
037 _cTextual
040 _aFLL
_cFLL
_beng
041 _2eng
_aeng
082 _aX8(A):9.2.N7, M1
100 _aRamaswamy E.A.
245 0 _aIndustry and labour
260 _aDelhi
_bOxford University Press India
_c1981
300 _a284p
_ccm.
942 _hX8(A):9.2.N7, M1
_cTEXL
_2CC
999 _c1135551
_d1135551